REDES: diccionario combinatorio del español contemporáneo.
Gardado en:
| Autor Principal: | |
|---|---|
| Formato: | Libro |
| Publicado: |
Madrid, España:
Ediciones SM,
2005.
|
| Edición: | Segunda edición |
| Series: | Las palabras en su contexto
|
| Subjects: | |
| Tags: |
Engadir etiqueta
Sen Etiquetas, Sexa o primeiro en etiquetar este rexistro!
|
MARC
| LEADER | 00000cam a2200000 a 4500 | ||
|---|---|---|---|
| 001 | UCG8061 | ||
| 003 | CL-VaPUC | ||
| 005 | 20240916150959.0 | ||
| 008 | 240916t2005 ||||| |||| 00| 0 eng d | ||
| 999 | |c 345700 |d 345698 | ||
| 020 | |a 84-675-0276-2 | ||
| 040 | |c Pontificia Universidad Católica de Valparaíso | ||
| 082 | 0 | 4 | |a 463 BOS 2005 |2 21 |
| 100 | 0 | |a Bosque Muñoz, Ignacio |e dirección |9 558605 | |
| 245 | 1 | 0 | |a REDES: diccionario combinatorio del español contemporáneo. |
| 250 | |a Segunda edición | ||
| 260 | |a Madrid, España: |b Ediciones SM, |c 2005. | ||
| 300 | |a 1839 páginas. | ||
| 490 | |a Las palabras en su contexto | ||
| 500 | |a c.2 Donación ELE. 9-09-2024 | ||
| 583 | |a last modification |c 20111118 11:09:00 |k Rodrigo Vera | ||
| 650 | 0 | |a Diccionarios |9 256200 | |
| 650 | 0 | |a Idioma español |9 309143 | |
| 650 | 0 | |a Sinónimos |2 CL-VaPUC |9 342614 | |
| 650 | 0 | |a Antónimos |9 357480 | |
| 942 | |c BK |2 ddc | ||
| 945 | |d 20111118 00:00:00 |a dcastane | ||
| 952 | |0 0 |1 0 |4 0 |6 463_000000000000000_BOS_2005 |7 0 |8 A |9 445498 |a FDOPOS |b BIBEDU |d 2019-11-22 |i 4799984 |l 1 |o 463 BOS 2005 |p 4799984 |r 2025-05-05 |s 2025-04-23 |w 2019-11-22 |y BK |k DLA | ||
| 952 | |0 0 |1 0 |2 ddc |4 0 |6 463_000000000000000_BOS_2005 |7 0 |8 A |9 596833 |a BIBGIM |b BIBEDU |d 2024-09-16 |e Donación |i 5662706 |l 1 |o 463 BOS 2005 |p 5662706 |q 2025-05-14 |r 2025-05-07 |s 2025-05-07 |t 2 |w 2024-09-16 |y BK |k ELE | ||